La argumentación y los derechos fundamentales

Guardat en:
Dades bibliogràfiques
Autors principals: Menéndez, Agustín José (autor), Eriksen, Erik Oddvar (Autor)
Format: Llibre
Idioma:espanyol
Publicat: Madrid Centro de Estudios Políticos y Constitucionales 2010
Col·lecció:Colección El Derecho y la Justicia
Matèries:
Etiquetes: Afegir etiqueta
Sense etiquetes, Sigues el primer a etiquetar aquest registre!

MARC

LEADER 00000cam a2200000 a 4500
001 UCG9123
003 CL-VaPUC
008 120120e20100000SP |||||||||||||||||spa|d
020 |a 9788425914737 
082 0 4 |a 323.4  |b MEN  |2 21 
100 |a Menéndez, Agustín José  |e autor  |9 560527 
700 0 |a Eriksen, Erik Oddvar  |e author  |9 560528 
245 1 3 |a La argumentación y los derechos fundamentales 
300 |a 285 p 
942 |c BK 
945 |d 20120120 00:00:00  |a dcastane 
260 |a Madrid  |b Centro de Estudios Políticos y Constitucionales  |c 2010 
650 0 |a Derechos civiles  |9 255655 
650 0 |a Derecho civil  |9 255013 
651 0 |a España  |9 254926 
583 |a last modification  |c 20120120 10:38:00  |k Rodrigo Vera 
490 0 |a Colección El Derecho y la Justicia 
999 |c 346691  |d 346689 
952 |0 0  |1 0  |4 0  |6 323_400000000000000_MEN_2010  |7 0  |8 A  |9 447494  |a BIBDER  |b BIBDER  |d 2019-11-22  |i 4833740  |o 323.4 MEN 2010  |p 4833740  |r 2023-01-25  |w 2019-11-22  |y BK  |k DER